Statystyki dla Wszystkie numery Sariusa

Kliknij tutaj aby rozwiązać quiz!

Ogólne statystyki

  • Ten quiz został rozwiązany 22 razy
    (8 od ostatniego zresetowania)
  • Średni wynik to 45 z 154

Statystyki odpowiedzi

PłytaNumer% Poprawnych
Czasem
86%
Dziedzic korony
86%
Pierwszy Dzień Po Końcu Świata
86%
Wampir
86%
Wiking
86%
Wiosna
86%
Wszystko Co Złe
86%
Zima
86%
SingielZMORA
86%
Bentley
71%
Wszystko Co ZłeDefinicja
71%
Dobry Chłopak
71%
Dziecko Wojny
71%
Kurtyna
71%
Młody Weles
71%
Najlepszy przyjaciel
71%
Pokój
71%
Powiedział Mi Ktoś
71%
Sam
71%
Testy
71%
Zalatani
71%
SingielZłość
71%
Biały Lew
57%
Pierwszy Dzień Po Końcu ŚwiataCiemność
57%
Heath Ledger
57%
Jedynak
57%
SingielJoker
57%
Mariusz to Sarius
57%
NajsHajs
57%
Nie Widać Po Mnie
57%
SingielStado
57%
Teraz wszyscy
57%
To co chcesz
57%
Wspaniały i Wielki
57%
Zasięg
57%
Zużywamy głowy
57%
SingielAdam Sławny
43%
Cichy Śpiew
43%
Gadaj Do Rzeczy
43%
Intro
43%
Ivanushka
43%
Mariusz Śpiewany
43%
Na Zawsze
43%
Nigdy nie mogłem zapamiętać
43%
Obiad
43%
Outro
43%
Parasole
43%
Pejzaże
43%
Powrócisz tu
43%
SingielQuattro
43%
Rock'n'Roll
43%
Trumna
43%
Twój stary to Sarius
43%
Tynk
43%
Uparty i wściekły
43%
Zapomnij o mnie
43%
29 Lutego
29%
SingielAnalog
29%
Czasem EPAntyhajp
29%
SingielBard
29%
Bezsen-S
29%
SingielBon Voyage
29%
Było Nie Minęło
29%
Coś
29%
Daleko Jeszcze?
29%
Dźwięki klasyki
29%
Halo
29%
Hometown
29%
Japy
29%
Jutrzenka
29%
Kult
29%
ANTIHYPE 2Nie wiem jak...
29%
Ogień w żyłach
29%
SingielParyż
29%
SingielŚmieszne Rzeczy
29%
Uśmiechnij Się
29%
200 ton
14%
2040
14%
Blisko Leży Obraz KońcaAstronauci
14%
Blisko Leży Obraz Końca
14%
Chciałbyś
14%
Chciałbyś (z feat'ami)
14%
Danse Macabre
14%
Delirium
14%
Dla wkurwionych
14%
Elita
14%
Ile Jeszcze
14%
Inni
14%
AntihypeJak nikt
14%
Jeden na 1xxx
14%
Joseph Conrad
14%
Kompas
14%
La Haine
14%
Lodu Pan
14%
Mistrzowie Upadli
14%
Myślę Tylko o Tym Czego Nie Wiesz
14%
Nie moje miejsce
14%
Nie zrozumiesz
14%
Pilot
14%
Powiem Coś Więcej
14%
Pręga
14%
Ratuj się, Andrzej
14%
Złe Towarzystwo EPShinobi
14%
Sól do kawy
14%
Daleko Jeszcze?S.T.R.E.S (Awwwtro 2)
14%
True Newschool
14%
Udział Wzięli
14%
SingielWORKOUT
14%
Wycisz Skit
14%
Znam
14%
Awwwtro
0%
Baskir
0%
Bestia
0%
Crossfit
0%
Cudze Listy
0%
Dżem
0%
Facet
0%
GTJS
0%
Hip Hop Skit
0%
I Żyli Krótko I SzczęśliwieHossa
0%
Karma Wraca
0%
Zero Starań EPKoszmary
0%
Księżyc i Wilk
0%
Lunatyk
0%
Łyki
0%
Na straych śmieciach
0%
Nie mogę
0%
Nocna straż
0%
Nowy Stary Ja
0%
Gdzieś to już słyszałem. MixtapeOddychać
0%
Od nikogo dla wszystkich
0%
Odyseusz
0%
OEZU
0%
SingielParadoxalnie
0%
Pieśń mocarza
0%
Plon
0%
Pod Pretekstem
0%
Przerywamy Program
0%
Śmiać się czy grać
0%
Tak Bardzo Ja
0%
Tang
0%
Tip top
0%
Toksyczny Związek z Życiem
0%
SingielTruman żegnaj
0%
Why So Sarius
0%
Więzi
0%
Woda Sok
0%
Wyjście
0%
Wyrzuć to
0%
W zepsutym ogrodzie
0%
Żadnych
0%
Wszystko Dobrze EPZapalnik
0%

Rozkład punktacji

Percentyl według liczby udzielonych odpowiedzi

Procent ludzi z każdym wynikiem

Twoja historia wyników

Nie rozwiązałeś tego quizu od ostatniego zresetowania